[Event "Krefeld op"]
[Site "Krefeld"]
[Date "2023.08.06"]
[Round "8"]
[White "Vasylieva, Kira"]
[Black "Kosubek, Sven"]
[Result "1/2-1/2"]
[WhiteElo "1421"]
[BlackElo "1567"]
[PlyCount "47"]
[EventDate "2023.08.02"]
[EventType "swiss"]
[EventRounds "9"]
[EventCountry "GER"]
[SourceTitle "CBM 215 Extra"]
[Source "ChessBase"]
[SourceDate "2023.09.30"]
[SourceVersion "1"]
[SourceVersionDate "2023.09.30"]
[SourceQuality "1"]

1. e4 c5 2. Nf3 e6 3. Be2 Nc6 4. d3 d5 5. exd5 exd5 6. 0-0 Nf6 7. Bg5 Be7 8. h3 0-0 9. Nbd2 h6 10. Bh4 b6 11. Re1 Bb7 12. c3 d4 13. cxd4 Nxd4 14. Nxd4 Qxd4 15. Bf3 Bxf3 16. Nxf3 Qd7 17. Qb3 Nd5 18. Bxe7 Nxe7 19. Re2 Nc6 20. Rae1 Rfe8 21. Rxe8+ Rxe8 22. Rxe8+ Qxe8 23. Qb5 Qe6 24. Qc4 1/2-1/2